Which Words Did Shakespeare Use? Quiz Stats

Quiz Updated Aug 29, 2015

Challenge
Share
Tweet
Embed
Score 0/26 Timer 04:00
0 Plays Today
Word A Answer % Correct
Rogue???
84.3%
Sprite???
83.7%
Cavaliers???
77.4%
Rex???
74%
Pink???
73.2%
Mosquito???
72.7%
Christmas???
70.2%
Violin???
69.1%
Gosling???
67.9%
Uranus???
67.1%
Catcher???
64.3%
Honorificabilitudinitatibus???
62.4%
Umpire???
58%
Word A Answer % Correct
Nostril???
56.4%
Triangle???
54.6%
Ross???
53.1%
Washington???
52.1%
Kitchen-ogres???
51.7%
Raspberry???
47.5%
Pulp???
47.4%
Canada???
46.9%
Flap-dragon???
43.1%
Preposition???
42.1%
Moses???
34.3%
Oatmeal???
32.6%
Monopoly???
28%

You're not logged in!

Compare scores with friends on all Sporcle quizzes.
Sign Up with Email
OR
Log In

You Might Also Like...

Show Comments

Extras

Top Quizzes Today


Score Distribution

Your Account Isn't Verified!

In order to create a playlist on Sporcle, you need to verify the email address you used during registration. Go to your Sporcle Settings to finish the process.